000 01120pam a2200349 a 4500
001 4961842
003 OSt
005 20140310181946.0
008 970416s1997 wiu c 000 1 eng
010 _a 97014532
020 _a0590305476
040 _aDLC
_cDLC
_dDLC
042 _alcac
050 0 0 _aPZ 7
_b.St859 1997
082 0 0 _aKF
_bSt5gp #15
100 1 _aStine, R. L.
_93762
245 1 0 _aMonster blood /
_cR.L. Stine.
260 _aNew york
_bScholastic
_c1997.
300 _a128 p. ;
_c23 cm.
490 1 _aGoosebumps
520 _aIn an old toy store near his great-aunt's home, twelve-year-old Evan buys a dusty can of Monster Blood he thinks will be fun to play with.
541 _j1
541 _j2
562 _e2
650 1 _aMonsters
_xFiction.
_93929
650 1 _aGreat-aunts
_xFiction.
_93930
650 1 _aHorror stories.
_93825
800 1 _aStine, R. L.
_tGoosebumps ;
_v#3.
_93931
906 _a7
_bcbc
_corignew
_d1
_eocip
_f19
_gy-gencatlg
942 _2lcc
_cBK-KF
_kKF
999 _c7781
_d7781